| 000 | 00865nmc a2200301 a 4500 | ||
|---|---|---|---|
| 003 | AR-BaBNM | ||
| 005 | 20251128210051.0 | ||
| 008 | 089019s1997 ||||||||||||||000 | spa|| | ||
| 020 | _a987-9191-14-5 | ||
| 040 | _cAR-BaBNM | ||
| 100 | 1 | _aFerry, Gilles | |
| 245 | 1 | 0 | _aPedagogía de la formacion |
| 250 | _a1ª ed. | ||
| 260 |
_aBuenos Aires _bEdiciones Novedades educativas _bFacultad de Filosofía y Letras [UBA] _c1997 |
||
| 300 | _a126 p. | ||
| 490 | 0 |
_aFormacion de formadores. Los documentos _v6 |
|
| 650 | 4 | _aEDUCACION DE ADULTOS | |
| 650 | 4 | _aTRABAJO EN EQUIPO | |
| 650 | 4 | _aMETODOS DE FORMACION | |
| 650 | 4 | _aPROGRAMAS DE FORMACION | |
| 650 | 4 | _aOBJETIVOS DE LA FORMACION | |
| 650 | 4 | _aINVESTIGACION | |
| 653 | _aFORMACION DE FORMADORES | ||
| 800 | 1 | _aFernández, Lidia M. | |
| 800 | 1 | _aSouto, Marta | |
| 942 | _cBK | ||
| 998 | _cRaquel | ||
| 999 |
_c13885 _d13885 |
||